Kỹ thuật trồng một số cây màu, thực phẩm, công nghiệp
Gardado en:
| Autor Principal: | |
|---|---|
| Formato: | Libro |
| Idioma: | Undetermined |
| Publicado: |
Hà Nội
Thanh niên
2001
|
| Những chủ đề: | |
| Các nhãn: |
Engadir etiqueta
Sen Etiquetas, Sexa o primeiro en etiquetar este rexistro!
|
| Thư viện lưu trữ: | Trung tâm Học liệu Trường Đại học Cần Thơ |
|---|
| LEADER | 00525nam a2200169Ia 4500 | ||
|---|---|---|---|
| 001 | CTU_43433 | ||
| 008 | 210402s9999 xx 000 0 und d | ||
| 082 | |a 635 | ||
| 082 | |b H305/2001 | ||
| 100 | |a Hà Thị Hiến | ||
| 245 | 0 | |a Kỹ thuật trồng một số cây màu, thực phẩm, công nghiệp | |
| 245 | 0 | |c Hà Thị Hiến | |
| 260 | |a Hà Nội | ||
| 260 | |b Thanh niên | ||
| 260 | |c 2001 | ||
| 650 | |a food crops,vegetables | ||
| 980 | |a Trung tâm Học liệu Trường Đại học Cần Thơ | ||